1076 1572 1812 1376 1273 1559 1497 1089 1976 1083 1100 1394 1170 1767 1540 1293 1377 1000 1480 1505 1910 1151 1865 1836 1550 1450 1425 1479 1148 1423 1285 1305 1580 1851 1683 1814 1419 1998 1205 1123 1753 1405 1418 1774 1130 1254 1913 1078 1867 1554 1284 1141 1333 1988 1973 1294 1685 1903 1585 1669 1873 1130 1484 1279 1137 1900 1201 1126 1180 1072 1224 1878 1067 1011 1457 1367 1605 1116 1706 1439 1229 1266 1379 1966 1506 1713 1405 1640 1371 1123 1333 1158 1988 1025 1671 1538 1803 1331 1196 BCNSPRNW ULIB Ver.6.0+V

เปลี่ยนเป็นภาษาไทย

Change to English
 แสดงรายละเอียดบรรณานุกรม
  กลับหน้าหลัก

Brief Record : Get Marc (ISO 2709) : E-mail record : QR code < ปิดหน้าต่าง
LEADER : 00000nam 2200000uu 4500
001    13399120774
003     ULIB
008    121016s2552||||th 000 0 tha d
020    ^a9740152295
060 04 ^aWS113^bว618ค
100 0  ^aวินัดดา ปิยะศิลป์
245 10 ^aคู่มือการเลี้ยงลูก ตอนเด็กแรกเกิด - 3 ปี /^cวินัดดา ปิยะศิลป์,บรรณาธิการ
260    ^aนนทบุรี :^bสถาบันสุขภาพเด็กแห่งชาติมหาราชินี,^c2552
300    ^a127 หน้า
650  7 ^aคู่มือเลี้ยงลูก
710 2  ^aกรมการแพทย์. ^bสถาบันสุขภาพเด็กแห่งชาติมหาราชินี
945    ^p0^l0^i16103
995    ^aทศพร
999    ^aทศพร เกษรทอง
รายการนี้ยังไม่มีแท็ก
คุณยังไม่ได้ล็อกอิน คุณสามารถมีกิจกรรมร่วมกับเว็บไซต์ได้ แต่ต้องล็อกอินก่อน ::
  ล็อกอิน

รายการสื่อสารสนเทศ

ลำดับที่ ประเภท เลขเรียก/บาร์โค้ด สถานที่ สถานะ
- ไม่พบข้อมูล -

รายการใกล้เคียง
    ผู้แต่ง [วินัดดา ปิยะศิลป์]

    หัวเรื่อง [คู่มือเลี้ยงลูก]

BibComment


ยังไม่เคยถูกคอมเมนท์

คอมเมนท์ทรัพยากรรายการนี้
  คอมเมนท์: คู่มือการเลี้ยงล..


 Copyright 2026. Bcnsprnw @Library